| 000 | 00669nam a2200217 a 4500 | ||
|---|---|---|---|
| 001 | BRL_1075 | ||
| 005 | 20190320211025.0 | ||
| 008 | 081113s2008----mx-a######---#000-0#spa-# | ||
| 020 | _a9789709719178 | ||
| 041 | _aspa | ||
| 044 | _amx | ||
| 050 | 4 |
_aN6559.V3 _b.I86 2008 |
|
| 245 | 1 | 0 |
_aIsmael Vargas _ctextos, Carlos Monsiváis ... [et al.]. |
| 260 |
_aMonterrey, México _bGrupo Cydsa _c2008 |
||
| 300 |
_a237 p. _bil. a color _c34 cm. |
||
| 500 | _aIncluye cronología y lista de obra | ||
| 500 | _aDonación de Sonia Corcuera | ||
| 600 | 1 | 4 |
_aVargas, Ismael _xCrítica e interpretación _925750 |
| 700 | 1 |
_aMonsiváis, Carlos, _d1938-2010 _925751 |
|
| 942 |
_2lcc _cB |
||
| 999 |
_c9887 _d9887 |
||